Billy Joel Lyrics Quiz (Part 52) - Statistics

General Stats
  • This quiz has been taken 49 times
  • The average score is 227 of 373
Answer Stats
Answer % Correct
the
94%
The
94%
a
91%
I
91%
an
89%
An
89%
in
89%
you
89%
You
89%
to
83%
To
83%
And
80%
and
80%
be
80%
me
80%
is
77%
They
77%
they
77%
what
77%
your
77%
can
74%
it
74%
know
74%
say
74%
So
74%
for
71%
love
71%
where
71%
who
71%
will
71%
don’t
69%
hear
69%
that
69%
But
66%
from
66%
If
66%
if
66%
just
66%
not
66%
out
66%
win
66%
by
63%
I’m
63%
man
63%
there
63%
you’re
63%
all
60%
am
60%
Because
60%
innocent
60%
of
60%
people
60%
this
60%
want
60%
as
57%
away
57%
I’ll
57%
I’ve
57%
never
57%
night
57%
only
57%
see
57%
Some
57%
tell
57%
too
57%
up
57%
with
57%
been
54%
far
54%
Oh
54%
them
54%
yes
54%
could
51%
down
51%
ever
51%
every
51%
it’s
51%
live
51%
stay
51%
voice
51%
well
51%
again
49%
alone
49%
at
49%
back
49%
Before
49%
before
49%
get
49%
going
49%
lose
49%
old
49%
through
49%
You’ve
49%
chance
46%
else
46%
fight
46%
fool
46%
hall
46%
lay
46%
somebody
46%
that’s
46%
That’s
46%
there’s
46%
young
46%
above
43%
accused
43%
die
43%
door
43%
find
43%
heard
43%
hope
43%
hurt
43%
listen
43%
look
43%
opening
43%
outside
43%
tonight
43%
while
43%
anyone
40%
believe
40%
cry
40%
dark
40%
eyes
40%
gonna
40%
keep
40%
lie
40%
run
40%
Someone
40%
taking
40%
Than
40%
thinking
40%
wait
40%
willing
40%
world
40%
you’d
40%
yourself
40%
alive
37%
Anybody
37%
bed
37%
cure
37%
doing
37%
fear
37%
feel
37%
lover
37%
passes
37%
sleep
37%
spite
37%
start
37%
survive
37%
anger
34%
being
34%
having
34%
martyr
34%
miracle
34%
promise
34%
tells
34%
touch
34%
turning
34%
understand
34%
accept
31%
Another
31%
anything
31%
began
31%
decision
31%
denying
31%
easier
31%
guess
31%
heartache
31%
Making
31%
possible
31%
protecting
31%
rather
31%
resurrecting
31%
although
29%
anymore
29%
cool
29%
cruel
29%
faith
29%
nobody
29%
below
26%
figure
26%
hate
26%
Instead
26%
remember
26%
restore
26%
No matching quizzes found
Score Distribution
Percent of People with Each Score
Percentile by Number Answered
Your Score History
You have not taken this quiz